[Event "2nd Cambridge Int Open"]
[Site "Cambridge ENG"]
[Date "2024.02.19"]
[Round "1.1"]
[White "Martyn, Rafe"]
[Black "Adams, Michael"]
[Result "1/2-1/2"]
[WhiteTitle "FM"]
[BlackTitle "GM"]
[WhiteElo "2206"]
[BlackElo "2673"]
[WhiteFideId "409626"]
[BlackFideId "400041"]
[EventDate "2024.02.19"]

1. e4 e5 2. Nf3 Nc6 3. Bc4 Nf6 4. d3 Bc5 5. O-O d6 6. c3 a5 7. Re1 Ba7 8. a4 O-O
9. h3 Ne7 10. d4 Ng6 11. dxe5 dxe5 12. Qxd8 Rxd8 13. Bg5 h6 14. Bxf6 gxf6 15.
Nbd2 Nf4 16. Nf1 Be6 17. Bxe6 fxe6 18. Ng3 Rd3 19. Kf1 Nxh3 20. Red1 Nxf2 21.
Rxd3 Nxd3 22. Rd1 Nf4 23. Rd7 Bb6 24. Nd2 Kh8 25. Ne2 Nxe2 26. Kxe2 Rg8 27. Kf3
f5 28. g3 Rg7 29. Rd8+ Rg8 30. Rd7 Rg7 31. Rd8+ Kh7 32. exf5 exf5 33. Nc4 e4+
34. Kf4 Re7 35. Nxb6 cxb6 36. Kxf5 e3 37. Rd1 e2 38. Re1 Kg7 39. Kf4 Kf6 40. Kf3
Kf5 41. Rxe2 Rxe2 42. Kxe2 Ke4 43. b3 h5 44. c4 Kd4 45. Kd2 Ke4 46. Ke2 Kd4 1/2-1/2

[Event "2nd Cambridge Int Open"]
[Site "Cambridge ENG"]
[Date "2024.02.19"]
[Round "1.3"]
[White "Sowray, Peter J"]
[Black "Tiviakov, Sergei"]
[Result "0-1"]
[WhiteTitle "FM"]
[BlackTitle "GM"]
[WhiteElo "2187"]
[BlackElo "2534"]
[WhiteFideId "400971"]
[BlackFideId "1008013"]
[EventDate "2024.02.19"]

1. d4 Nf6 2. c4 e6 3. Nc3 Bb4 4. f3 O-O 5. a3 Bxc3+ 6. bxc3 Nh5 7. Nh3 f5 8. e4
fxe4 9. Bg5 Nf6 10. fxe4 d6 11. Bd3 e5 12. O-O Bxh3 13. gxh3 Nc6 14. d5 Ne7 15.
Ra2 Kh8 16. Raf2 Ng6 17. h4 Qe7 18. Qd2 Nf4 19. Bxf4 exf4 20. Qxf4 Rae8 21. Qg5
Qe5 22. Qd2 Qh5 23. Rf4 b6 24. Qf2 Re7 25. Rf5 Qe8 26. Bc2 Re5 27. Rf4 Kg8 28.
Kh1 Qe7 29. Qg2 Nd7 30. Rxf8+ Nxf8 31. Qg4 Qe8 32. Rf2 Re7 33. Kg2 Ng6 34. Kg3
Ne5 35. Qe2 Qg6+ 36. Kh3 Rf7 37. Rf5 Qg1 38. Rxf7 Kxf7 39. h5 Kf6 40. Bd1 Ke7
41. Bc2 h6 42. Bd1 Nf7 43. Bc2 Ng5+ 44. Kh4 Kf6 45. Bd1 Ke5 46. Bc2 Nh7 47. Bd1
Nf6 48. c5 bxc5 49. c4 Nxe4 50. Bc2 Qf2+ 51. Qxf2 Nxf2 0-1

[Event "2nd Cambridge Int Open"]
[Site "Cambridge ENG"]
[Date "2024.02.19"]
[Round "1.6"]
[White "Gasanov, Eldar"]
[Black "Orton, Stephen L A"]
[Result "1-0"]
[WhiteTitle "GM"]
[WhiteElo "2494"]
[BlackElo "2154"]
[WhiteFideId "14104466"]
[BlackFideId "414921"]
[EventDate "2024.02.19"]

1. Nf3 d6 2. e4 c5 3. c3 Nf6 4. Bc4 e6 5. Qe2 Be7 6. Bb3 O-O 7. O-O Nc6 8. d4 e5
9. dxe5 dxe5 10. Nbd2 Bg4 11. Nc4 Qc8 12. Ne3 Re8 13. Nxg4 Qxg4 14. h3 Qh5 15.
Bg5 Nd7 16. Rad1 Nb6 17. Bxe7 Rxe7 18. Qb5 Qg6 19. Rfe1 c4 20. Bxc4 Nxc4 21.
Qxc4 Qf6 22. Nh2 Rc7 23. Ng4 Qe6 24. Qxe6 fxe6 25. Rd3 Kf7 26. Red1 Ke7 27. h4
Rf8 28. h5 Rf4 29. f3 Rf7 30. b4 b5 31. a4 a6 32. axb5 axb5 33. Ra1 Rf8 34. Kf2
Rg8 35. Ra6 g6 36. h6 Rb8 37. Kg3 Rd7 38. Rxd7+ Kxd7 39. Nf6+ Kc7 40. Kg4 Rd8
41. Nxh7 Rh8 42. Kg5 Rxh7 43. Kxg6 Rh8 44. Kg7 Rd8 45. Rxc6+ Kxc6 46. h7 Rd7+
47. Kh6 Rd8 48. g4 1-0

[Event "2nd Cambridge Int Open"]
[Site "Cambridge ENG"]
[Date "2024.02.19"]
[Round "1.7"]
[White "Mihalik, Agoston"]
[Black "Royal, Shreyas"]
[Result "0-1"]
[BlackTitle "IM"]
[WhiteElo "2146"]
[BlackElo "2483"]
[WhiteFideId "719021"]
[BlackFideId "448869"]
[EventDate "2024.02.19"]

1. e4 c5 2. Nf3 d6 3. Bb5+ Nd7 4. O-O a6 5. Bd3 Ngf6 6. c3 b5 7. Bc2 Bb7 8. Re1
e6 9. d4 Be7 10. Nbd2 Qc7 11. e5 dxe5 12. dxe5 Nd5 13. Nf1 O-O-O 14. a4 g5 15.
axb5 axb5 16. Qe2 Bc6 17. c4 bxc4 18. Ba4 Bb7 19. Bb5 Kb8 20. Ng3 Rhg8 21. Bxd7
Rxd7 22. Qxc4 g4 23. Nd2 Nb4 24. Ra3 Rd4 25. Qc3 Rgd8 26. Nde4 Qc6 0-1

[Event "2nd Cambridge Int Open"]
[Site "Cambridge ENG"]
[Date "2024.02.19"]
[Round "1.12"]
[White "Hanley, Craig A"]
[Black "Ismail, Mohammed Aayan"]
[Result "1-0"]
[WhiteTitle "IM"]
[WhiteElo "2431"]
[BlackElo "2111"]
[WhiteFideId "408514"]
[BlackFideId "465135"]
[EventDate "2024.02.19"]

1. d4 d5 2. Bf4 Nf6 3. Nc3 e6 4. Nb5 Na6 5. e3 c6 6. Nc3 Bd6 7. Nf3 O-O 8. Bd3
Bxf4 9. exf4 c5 10. Bxa6 bxa6 11. O-O Qc7 12. Na4 cxd4 13. Qxd4 Ne4 14. Ne5 Bb7
15. f3 Nd6 16. c3 Rfc8 17. Rfd1 Qa5 18. b3 Nb5 19. Qd2 Nxc3 20. Rac1 d4 21. Nxc3
dxc3 22. Qd7 Bd5 23. Qxf7+ Kh8 24. Rc2 Qc5+ 25. Kf1 Rc7 26. Qh5 Rac8 27. Rd3 Qb5
28. Qh4 a5 29. Qe1 Qb4 30. Qe3 a4 31. bxa4 Bxa2 32. Qd4 Qxd4 33. Rxd4 Bb1 34.
Rc1 Rb7 35. Rxc3 Rcb8 36. Rd7 h6 37. Rc8+ Rxc8 38. Rxb7 a5 39. Rxb1 1-0

[Event "2nd Cambridge Int Open"]
[Site "Cambridge ENG"]
[Date "2024.02.19"]
[Round "1.16"]
[White "Pert, Richard G"]
[Black "Borsos, Bogdan"]
[Result "1-0"]
[WhiteTitle "IM"]
[BlackTitle "IM"]
[WhiteElo "2413"]
[BlackElo "2094"]
[WhiteFideId "404748"]
[BlackFideId "14100568"]
[EventDate "2024.02.19"]

1. d4 Nf6 2. Nf3 e6 3. Bf4 c5 4. e3 b6 5. Nc3 Nh5 6. Bg5 Be7 7. Bxe7 Qxe7 8. g4
Nf6 9. g5 Nh5 10. Rg1 Bb7 11. Be2 g6 12. Ne5 Ng7 13. h4 cxd4 14. Qxd4 Nf5 15.
Qf4 d6 16. Ng4 Nd7 17. Bb5 O-O-O 18. O-O-O Kb8 19. Bxd7 Qxd7 20. e4 Ng7 21. Ne5
Qc7 22. Ng4 Nh5 23. Qf3 a6 24. Nf6 Nxf6 25. Qxf6 b5 26. a3 h5 27. Rd2 Rhe8 28.
Rgd1 Rd7 29. Kb1 Qd8 30. Qf4 e5 31. Qe3 Qc7 32. Nd5 Bxd5 33. Rxd5 Rc8 34. Qd2
Kb7 35. f3 Rcd8 36. Qe2 Qc6 37. R1d3 Qc4 38. Qd2 Qc6 39. b3 Qc7 40. Kb2 Qc6 41.
Qb4 Rc7 42. Qd2 Rcd7 43. Qb4 Rc7 44. c4 Qb6 45. Rxd6 Rxd6 46. Rxd6 Qf2+ 47. Rd2
Qe1 48. a4 1-0

[Event "2nd Cambridge Int Open"]
[Site "Cambridge ENG"]
[Date "2024.02.19"]
[Round "1.17"]
[White "Payne, Matthew J"]
[Black "Derakhshani, Borna"]
[Result "0-1"]
[BlackTitle "FM"]
[WhiteElo "2089"]
[BlackElo "2377"]
[WhiteFideId "417084"]
[BlackFideId "12518450"]
[EventDate "2024.02.19"]

1. e4 c5 2. Nf3 Nc6 3. d4 cxd4 4. Nxd4 Nf6 5. Nc3 d6 6. Bg5 Bd7 7. Be2 Qa5 8.
Bxf6 gxf6 9. Nb3 Qg5 10. g3 f5 11. f4 Qg6 12. Bf3 Bg7 13. e5 dxe5 14. Nc5 Bc8
15. fxe5 Nxe5 16. O-O O-O 17. Qd5 e6 18. Qd1 Nxf3+ 19. Rxf3 b6 20. Nd7 Rd8 21.
Rd3 Ba6 22. Rd6 Qg5 23. Qf3 Rac8 24. Rad1 Re8 25. h4 Qe7 26. Qe3 Rcd8 27. Qg5
Kh8 28. Qe3 h6 29. Ne5 Rxd6 30. Rxd6 Bc8 31. Qf4 Kg8 32. Nc6 Qb7 33. Qc4 Bd7 34.
Nb4 Be5 35. Rd3 a5 36. Na6 Rc8 0-1

[Event "2nd Cambridge Int Open"]
[Site "Cambridge ENG"]
[Date "2024.02.19"]
[Round "1.20"]
[White "York-Weaving, Richard"]
[Black "Bharat Kumar, Balahari"]
[Result "1-0"]
[WhiteTitle "FM"]
[WhiteElo "2343"]
[BlackElo "2060"]
[WhiteFideId "401161"]
[BlackFideId "496464"]
[EventDate "2024.02.19"]

1. e4 c5 2. Nf3 d6 3. Bb5+ Nd7 4. c3 Nf6 5. Qe2 a6 6. Ba4 b5 7. Bc2 Bb7 8. d4 e6
9. O-O Be7 10. Re1 Qc7 11. Bd3 h6 12. Nbd2 O-O 13. e5 Nd5 14. Qe4 N5f6 15. Qh4
Nd5 16. Qg3 Kh8 17. Ne4 dxe5 18. dxe5 c4 19. Bc2 Nc5 20. Qh3 f5 21. exf6 Bxf6
22. Bxh6 gxh6 23. Qxh6+ Kg8 24. Nxc5 Bc8 25. Ng5 1-0

[Event "2nd Cambridge Int Open"]
[Site "Cambridge ENG"]
[Date "2024.02.19"]
[Round "1.29"]
[White "Hutchinson, Paul A"]
[Black "Gluma, Christian"]
[Result "1/2-1/2"]
[WhiteElo "2005"]
[BlackElo "2219"]
[WhiteFideId "411558"]
[BlackFideId "16223209"]
[EventDate "2024.02.19"]

1. d4 g6 2. e4 Bg7 3. Nc3 c6 4. Be3 d5 5. f3 Qb6 6. a3 e5 7. Na4 Qa5+ 8. c3 dxe4
9. fxe4 Nf6 10. b4 Qc7 11. Bd3 Ng4 12. Qe2 Nxe3 13. Qxe3 O-O 14. Nf3 exd4 15.
cxd4 Bg4 16. O-O Nd7 17. Rac1 Qd8 18. Nc3 Nb6 19. e5 Qd7 20. Ne4 Nd5 21. Qd2
Rad8 22. Nd6 f6 23. Bc4 Kh8 24. Qe1 fxe5 25. dxe5 Qe7 26. Kh1 Bxf3 27. Rxf3 Rxf3
28. gxf3 Rf8 29. Bxd5 cxd5 30. f4 Rxf4 31. Rc8+ Rf8 32. Rxf8+ Qxf8 33. Qe2 Qe7
34. e6 Bf6 35. Nc8 Qe8 36. e7 d4 37. Qe6 Kg7 38. Nd6 Qxe7 39. Ne8+ Kf8 40. Qxf6+
Kxe8 41. Qxd4 Qe1+ 42. Kg2 Qe2+ 43. Kg3 Qe1+ 44. Kg2 1/2-1/2

[Event "2nd Cambridge Int Open"]
[Site "Cambridge ENG"]
[Date "2024.02.19"]
[Round "1.32"]
[White "Gardiner, Eric D"]
[Black "Underwood, Jon"]
[Result "1/2-1/2"]
[WhiteElo "1837"]
[BlackElo "1993"]
[WhiteFideId "435880"]
[BlackFideId "425877"]
[EventDate "2024.02.19"]

1. e4 c5 2. c3 d5 3. exd5 Nf6 4. Bb5+ Nbd7 5. d4 a6 6. Be2 Nxd5 7. Nf3 e6 8. c4
N5f6 9. O-O cxd4 10. Qxd4 Be7 11. Nc3 O-O 12. Bf4 b6 13. Rfd1 Bb7 14. Bd6 Bxd6
15. Qxd6 Qb8 16. Qb4 Qc7 17. Rd6 Rab8 18. Rad1 Rfd8 19. h3 Ba8 20. Qa4 Nc5 21.
Rxd8+ Rxd8 22. Qc2 h6 23. b4 Nce4 24. Nxe4 Bxe4 25. Rxd8+ Qxd8 26. Qd2 Qc7 1/2-1/2

[Event "2nd Cambridge Int Open"]
[Site "Cambridge ENG"]
[Date "2024.02.19"]
[Round "1.36"]
[White "Lenton, Oliver J"]
[Black "Hagesather, Nina"]
[Result "1-0"]
[BlackTitle "WFM"]
[WhiteElo "1787"]
[BlackElo "1973"]
[WhiteFideId "490237"]
[BlackFideId "1501542"]
[EventDate "2024.02.19"]

1. e4 c6 2. d4 d5 3. Nc3 dxe4 4. Bc4 Nf6 5. f3 exf3 6. Nxf3 e6 7. O-O Be7 8. Qe1
b5 9. Bd3 Nbd7 10. Ne2 Qc7 11. Nf4 Nb6 12. Qg3 g6 13. Ne5 Rf8 14. a4 Bd7 15. Qf3
b4 16. c4 bxc3 17. bxc3 Ng8 18. c4 a5 19. Be4 Rc8 20. Bd2 f5 21. Bc2 g5 22. Qh5+
Kd8 23. Nf7+ Rxf7 24. Qxf7 gxf4 25. Qxg8+ Be8 26. Qxe6 Bb4 27. Bxf4 Qd7 28. Bxf5 1-0

[Event "2nd Cambridge Int Open"]
[Site "Cambridge ENG"]
[Date "2024.02.19"]
[Round "1.37"]
[White "Iyengar, Ilya"]
[Black "Lim, Mark ENG"]
[Result "1/2-1/2"]
[WhiteElo "1972"]
[BlackElo "1776"]
[WhiteFideId "405949"]
[BlackFideId "417734"]
[EventDate "2024.02.19"]

1. d4 c5 2. d5 e5 3. e4 d6 4. Bb5+ Nd7 5. a4 a6 6. Be2 Be7 7. Nf3 Nf8 8. h3 Ng6
9. O-O Nh4 10. Nbd2 Bg5 11. Nc4 Nxf3+ 12. Bxf3 Bxc1 13. Qxc1 h5 14. a5 Qf6 15.
Nb6 Rb8 16. Ra3 g5 17. Nxc8 Rxc8 18. g3 Qg6 19. Bg2 h4 20. f4 gxf4 21. gxf4 Nf6
22. fxe5 Rg8 23. Rf2 Nxe4 24. Re2 Ng3 25. Rf2 Ne4 1/2-1/2

[Event "2nd Cambridge Int Open"]
[Site "Cambridge ENG"]
[Date "2024.02.19"]
[Round "1.39"]
[White "Jermy, Jaden"]
[Black "Gardner, Phillip K"]
[Result "1-0"]
[WhiteElo "1968"]
[BlackElo "1769"]
[WhiteFideId "459496"]
[BlackFideId "413690"]
[EventDate "2024.02.19"]

1. Nf3 Nf6 2. g3 b5 3. Bg2 Bb7 4. O-O c5 5. b3 e6 6. c4 a6 7. Bb2 Be7 8. Qc2 d6
9. e3 O-O 10. Nc3 b4 11. Ne2 Nbd7 12. Nf4 e5 13. Ne2 Re8 14. d4 exd4 15. exd4
Be4 16. Qd2 Bf8 17. Rfe1 Qc7 18. Rad1 Rad8 19. Nf4 h6 20. d5 g5 21. Nd3 Bg7 22.
h4 g4 23. Nh2 Bxg2 24. Kxg2 Ne4 25. Qf4 Nc3 26. Bxc3 bxc3 27. Nxg4 c2 28. Rc1 h5
29. Nh6+ Kh7 30. Nxf7 Rf8 31. Qxd6 Qa5 32. Ng5+ Kh8 33. Qg6 Nf6 34. Re7 1-0

[Event "2nd Cambridge Int Open"]
[Site "Cambridge ENG"]
[Date "2024.02.19"]
[Round "1.40"]
[White "Spanton, Tim R"]
[Black "Hutchinson, Norman A"]
[Result "1/2-1/2"]
[WhiteElo "1766"]
[BlackElo "1962"]
[WhiteFideId "404802"]
[BlackFideId "411540"]
[EventDate "2024.02.19"]

1. e4 c6 2. d4 d5 3. Nc3 dxe4 4. Nxe4 Bf5 5. Ng3 Bg6 6. Nf3 Nd7 7. h4 h6 8. h5
Bh7 9. Bd3 Bxd3 10. Qxd3 e6 11. Bf4 Qa5+ 12. Bd2 Bb4 13. c3 Be7 14. c4 Qc7 15.
O-O-O Ngf6 16. Ne4 b5 17. c5 a5 18. Nxf6+ Nxf6 19. Ne5 Rd8 20. Qg3 Rxd4 21. Qxg7
Rh7 22. Qg3 Nd7 23. Nxd7 Qxg3 24. fxg3 Rxd7 25. Bxa5 Rxd1+ 26. Rxd1 Rg7 27. Bd2
Rxg3 28. Bxh6 Rxg2 29. Bf4 Rg4 30. Bd6 Bg5+ 31. Kc2 Rh4 32. Rd3 Rxh5 33. Ra3 f5
34. Ra8+ Kf7 35. Rf8+ Kg7 36. Re8 f4 37. Rxe6 Rh2+ 38. Kd3 Kf7 39. Re2 Rh3+ 40.
Ke4 Re3+ 41. Rxe3 fxe3 42. Kd3 Ke6 43. b3 b4 44. Bf8 Kd5 45. Bd6 Bh6 1/2-1/2

[Event "2nd Cambridge Int Open"]
[Site "Cambridge ENG"]
[Date "2024.02.19"]
[Round "1.43"]
[White "Smart, Michael R"]
[Black "OShea, Colm"]
[Result "0-1"]
[WhiteElo "1943"]
[BlackElo "1729"]
[WhiteFideId "411370"]
[BlackFideId "449660"]
[EventDate "2024.02.19"]

1. e4 c5 2. Nf3 d6 3. d4 cxd4 4. Nxd4 Nf6 5. Nc3 g6 6. Bc4 Bg7 7. Be3 O-O 8. f3
Nc6 9. Qd2 Bd7 10. h4 h5 11. Nxc6 bxc6 12. Bh6 Qa5 13. Bxg7 Kxg7 14. O-O-O Rab8
15. Rdg1 Qb4 16. Bb3 c5 17. g4 c4 18. g5 Ng4 19. Qd4+ Ne5 20. Nd5 Qc5 21. Qxc5
dxc5 22. f4 cxb3 23. fxe5 bxa2 24. Kd2 Rxb2 0-1

[Event "2nd Cambridge Int Open"]
[Site "Cambridge ENG"]
[Date "2024.02.19"]
[Round "1.44"]
[White "Sasikumar, Srivathsan"]
[Black "Cole, James"]
[Result "1/2-1/2"]
[WhiteElo "1719"]
[BlackElo "1940"]
[WhiteFideId "343401279"]
[BlackFideId "431818"]
[EventDate "2024.02.19"]

1. e4 c5 2. Nf3 Nc6 3. d4 cxd4 4. Nxd4 Nf6 5. Nc3 e5 6. Ndb5 d6 7. Nd5 Nxd5 8.
Qxd5 Be6 9. Qd1 a6 10. Nc3 Be7 11. Be3 O-O 12. Be2 Rc8 13. O-O Na5 14. Qd2 Qc7
15. Rac1 Nc4 16. Bxc4 Qxc4 17. Rfd1 b5 18. a3 Rb8 19. Nd5 Bxd5 20. Qxd5 Rfc8 21.
c3 Qxd5 22. Rxd5 Rc4 23. f3 f6 24. Kf2 Kf7 25. Ke2 Ke6 26. Rcd1 g6 27. g4 f5 28.
gxf5+ gxf5 29. exf5+ Kxf5 30. f4 Rb7 31. fxe5 dxe5 32. Rg1 Ke6 33. Rd3 Bf6 34.
Rgd1 Be7 35. Bf2 a5 36. Bg3 b4 37. Rd5 Rc5 38. axb4 axb4 39. c4 Rxc4 40. Rxe5+
Kf7 41. Rf1+ Ke8 42. Kd3 Rc6 43. Rd5 Bf6 44. Be5 Be7 45. Bg3 Bf6 46. Be5 Be7 47.
Rf2 Rd7 48. Rxd7 Kxd7 49. Bd4 Rh6 50. Be5 Rc6 51. Re2 Bf8 52. Rg2 Rh6 53. Kc4
Rh5 54. Kd5 Be7 55. Rg7 Ke8 56. Rg8+ Kf7 57. Rg7+ Ke8 58. Rg8+ Kf7 59. Rg7+ 1/2-1/2

[Event "2nd Cambridge Int Open"]
[Site "Cambridge ENG"]
[Date "2024.02.19"]
[Round "1.47"]
[White "Keohane, Ben"]
[Black "Maton, Emily"]
[Result "0-1"]
[WhiteElo "1926"]
[BlackElo "1703"]
[WhiteFideId "433950"]
[BlackFideId "343120293"]
[EventDate "2024.02.19"]

1. e4 e6 2. d3 d5 3. Nd2 c5 4. Ngf3 Nc6 5. g3 Nf6 6. Bg2 dxe4 7. dxe4 e5 8. O-O
Be7 9. Nc4 Qxd1 10. Rxd1 Bg4 11. Nd6+ Bxd6 12. Rxd6 Bxf3 13. Bxf3 Nd4 14. Bd1
Ke7 15. Rd5 Nxd5 16. exd5 b5 17. g4 b4 18. a4 Rab8 19. Be3 Kd6 20. Bxd4 cxd4 21.
Bf3 Rhc8 22. Be4 g6 23. b3 Rf8 24. g5 h6 25. h4 hxg5 26. hxg5 Rh8 27. Bf3 Rbc8
28. Ra2 Rh4 29. Kg2 e4 30. Kg3 Rch8 31. Be2 Kxd5 32. Bc4+ Ke5 33. Bxf7 Kf5 34.
a5 Rg4# 0-1

[Event "2nd Cambridge Int Open"]
[Site "Cambridge ENG"]
[Date "2024.02.19"]
[Round "1.48"]
[White "Pereslavtsev, Alexandr"]
[Black "Gooding, Ian"]
[Result "1-0"]
[WhiteElo "1696"]
[BlackElo "1910"]
[WhiteFideId "343401449"]
[BlackFideId "406864"]
[EventDate "2024.02.19"]

1. d4 d5 2. c4 c6 3. Nf3 Nf6 4. Nc3 dxc4 5. a4 Bf5 6. e3 e6 7. Bxc4 Bb4 8. O-O
O-O 9. Qe2 Bg6 10. Ne5 Nbd7 11. Nxg6 hxg6 12. Rd1 Qe7 13. e4 Rfe8 14. e5 Nd5 15.
Ne4 N7b6 16. Bd3 a5 17. Qg4 Qf8 18. Ng5 Be7 19. Nxe6 fxe6 20. Bxg6 Bf6 21. Qh5
Qb4 22. Bxe8 Qb3 23. Ra3 1-0

[Event "2nd Cambridge Int Open"]
[Site "Cambridge ENG"]
[Date "2024.02.19"]
[Round "1.49"]
[White "Sivanandan, Bodhana"]
[Black "Gaffney, Samuel"]
[Result "1-0"]
[WhiteTitle "WCM"]
[WhiteElo "1898"]
[BlackElo "1689"]
[WhiteFideId "497592"]
[BlackFideId "420859"]
[EventDate "2024.02.19"]

1. e4 d5 2. exd5 Qxd5 3. Nc3 Qa5 4. Nf3 Nf6 5. d4 Bf5 6. Ne5 c6 7. Bc4 e6 8. g4
Bg6 9. h4 Nbd7 10. Nxd7 Nxd7 11. Bd2 h6 12. Nd5 Qd8 13. Nf4 Qf6 14. Nxg6 Qxg6
15. Bd3 Qf6 16. Be3 Qe7 17. Qd2 O-O-O 18. O-O-O Qb4 19. Qxb4 Bxb4 20. c3 Be7 21.
Rdg1 c5 22. Bb5 b6 23. Bxd7+ Rxd7 24. dxc5 bxc5 25. h5 e5 26. Rd1 Bg5 27. Rxd7
Bxe3+ 28. fxe3 Kxd7 29. Rd1+ Kc6 30. e4 Rb8 31. Kc2 f6 32. b3 a5 33. a3 Ra8 34.
Rd2 Rb8 35. Rd5 Ra8 36. Kd3 a4 37. b4 cxb4 38. cxb4 Ra7 39. Kc4 Kb6 40. Rd6+ Kc7
41. Kc5 Rb7 42. Ra6 1-0

[Event "2nd Cambridge Int Open"]
[Site "Cambridge ENG"]
[Date "2024.02.19"]
[Round "1.50"]
[White "Latypova, Olga L"]
[Black "Nawalaniec, Adam"]
[Result "0-1"]
[WhiteElo "1684"]
[BlackElo "1896"]
[WhiteFideId "472476"]
[BlackFideId "21023786"]
[EventDate "2024.02.19"]

1. e4 c5 2. Nf3 d6 3. d4 cxd4 4. Nxd4 Nf6 5. Nc3 a6 6. f3 e5 7. Nb3 Be6 8. Be3
Be7 9. Qd2 h5 10. Nd5 Bxd5 11. exd5 Nbd7 12. Be2 b5 13. Na5 Qc7 14. c4 bxc4 15.
Bxc4 e4 16. Nc6 exf3 17. gxf3 Ne5 18. Nxe5 dxe5 19. Rc1 Qb7 20. a3 Rd8 21. Qe2
Nxd5 22. Bxa6 Bh4+ 23. Bf2 Bxf2+ 24. Kxf2 Qb6+ 25. Ke1 O-O 26. Bc4 Nf4 27. Qf2
Ng2+ 28. Kf1 Ne3+ 29. Kg1 Nxc4 30. Qxb6 Nxb6 31. Rc2 f5 32. Kf2 e4 33. Re1 Nd5 0-1

[Event "2nd Cambridge Int Open"]
[Site "Cambridge ENG"]
[Date "2024.02.19"]
[Round "1.51"]
[White "Skettos, Nicolas"]
[Black "Chan, Michelle (Ngo Yu)"]
[Result "1-0"]
[WhiteElo "1894"]
[BlackElo "1681"]
[WhiteFideId "5900670"]
[BlackFideId "66202299"]
[EventDate "2024.02.19"]

1. e4 e5 2. Nc3 Nf6 3. d4 exd4 4. Qxd4 Nc6 5. Qd3 Bc5 6. Bf4 d6 7. O-O-O Be6 8.
Kb1 Qd7 9. f3 O-O-O 10. Qd2 a6 11. Bd3 Nh5 12. Be3 Bxe3 13. Qxe3 d5 14. exd5
Bxd5 15. Be4 Bxa2+ 16. Kxa2 Qe6+ 17. Kb1 f5 18. Qg5 Rxd1+ 19. Nxd1 fxe4 20. Qxh5
e3 21. Qg4 Re8 22. Ne2 Qxg4 23. fxg4 Rd8 24. Kc1 Rd2 25. Re1 Nb4 26. Nxe3 1-0

[Event "2nd Cambridge Int Open"]
[Site "Cambridge ENG"]
[Date "2024.02.19"]
[Round "1.52"]
[White "Kenning, Paul H"]
[Black "McLean, Robert"]
[Result "0-1"]
[WhiteElo "1681"]
[BlackElo "1882"]
[WhiteFideId "441538"]
[BlackFideId "434922"]
[EventDate "2024.02.19"]

1. e4 e6 2. d4 d5 3. Bd3 dxe4 4. Bxe4 Nf6 5. Bf3 Bd6 6. Ne2 O-O 7. O-O Nbd7 8.
c4 e5 9. Nbc3 Re8 10. Ne4 Nxe4 11. Bxe4 exd4 12. Bc2 c5 13. Qd3 g6 14. f4 Qc7
15. Ng3 b6 16. Bd2 Bb7 17. Rf2 Nf6 18. Qf1 Ng4 19. Re2 Ne3 20. Bxe3 dxe3 0-1

[Event "2nd Cambridge Int Open"]
[Site "Cambridge ENG"]
[Date "2024.02.19"]
[Round "1.53"]
[White "Simpson, Ben"]
[Black "Bay-Petersen, Ole"]
[Result "1-0"]
[WhiteElo "1873"]
[BlackElo "1672"]
[WhiteFideId "444405"]
[BlackFideId "430188"]
[EventDate "2024.02.19"]

1. d4 Nf6 2. c4 g6 3. Nc3 Bg7 4. e4 d6 5. Nf3 O-O 6. Be2 e5 7. O-O Nc6 8. d5 Ne7
9. Ne1 Nd7 10. Be3 f5 11. f3 f4 12. Bf2 g5 13. a4 h5 14. a5 Ng6 15. Nb5 a6 16.
Na7 Nf6 17. Nxc8 Rxc8 18. h3 g4 19. fxg4 Nxe4 20. Qc2 Nxf2 21. Qxg6 Rf6 22. Qc2
hxg4 23. Rxf2 g3 24. Rf1 Qe7 25. Bg4 Rcf8 26. Nf3 e4 27. Rae1 Re8 28. Ng5 Rh6
29. Be6+ Kh8 30. Nf7+ 1-0

[Event "2nd Cambridge Int Open"]
[Site "Cambridge ENG"]
[Date "2024.02.19"]
[Round "1.54"]
[White "Samarakoon, Vivash Ransara"]
[Black "Evans, Ruben"]
[Result "1-0"]
[WhiteElo "1864"]
[BlackElo "1647"]
[WhiteFideId "9982949"]
[BlackFideId "472018"]
[EventDate "2024.02.19"]

1. e4 e6 2. d4 d5 3. e5 c5 4. c3 Nc6 5. Nf3 Nge7 6. Bd3 cxd4 7. cxd4 Nf5 8. Bxf5
exf5 9. O-O Be6 10. Nc3 Be7 11. Ne1 g5 12. f4 Rc8 13. fxg5 Nxd4 14. Be3 Nc6 15.
Nf3 d4 16. Nxd4 Bxg5 17. Bxg5 Qxg5 18. Nxc6 Rxc6 19. Rf3 Qd8 20. Qe1 Qb6+ 21.
Kh1 h5 22. Qh4 Qd8 23. Qg3 Qe7 24. Rd3 h4 25. Qg7 Qf8 26. Qf6 Bd7 27. Qg5 Qh6
28. Qxh6 Rhxh6 29. Nd5 h3 30. Nf6+ Rcxf6 31. exf6 Bc6 32. Re1+ Be4 33. Kg1 Rxf6
34. Rxh3 Rd6 35. Rhe3 Kf8 36. R3e2 a5 37. Rc1 b6 38. Kf2 Kg7 39. Rc3 Kf6 40. Rc7
Rd8 41. h3 Rd3 42. Rc8 Rd1 43. Rb8 Rd6 44. Rh8 Kg6 45. Rc8 Kf6 46. Ke1 Kg5 47.
Rd2 Re6 48. Kf2 Re5 49. Rg8+ Kh6 50. Rd6+ Kh7 51. Rg3 b5 52. Rd7 Bd5 53. Re3
Rxe3 54. Kxe3 Bxa2 55. Kf4 Kg6 56. Rd6+ f6 57. Rb6 Bc4 58. h4 Be2 59. Rc6 a4 60.
Rc5 Bd3 61. Rd5 Be4 62. Rxb5 Bxg2 63. Rxf5 Bh3 64. Ra5 Bd7 65. Ra7 Bc6 66. h5+
Kxh5 67. Kf5 Kh4 68. Rg7 Bd5 69. Rg4+ Kh3 70. Rxa4 Kg3 71. Kxf6 Kf3 72. Rd4 Bc6
73. b4 Ke3 74. Ke5 Bb5 75. Rd5 Bc4 76. b5 1-0